| 000 | 00684nam a22002057a 4500 | ||
|---|---|---|---|
| 005 | 20171009152808.0 | ||
| 010 | _aENG-120762 | ||
| 020 |
_a9789352607167 _c395.00 |
||
| 020 |
_a9352607163 _c395.00 |
||
| 035 | _aEN-104294 | ||
| 037 | _bDBAD/PUB | ||
| 082 | _a480 | ||
| 100 | _aHari Mohan Prasad | ||
| 245 |
_aEnglish language & comprehansion : _cby Hari Mohan Parsad [and] Swetali Mohan _b as per the latest pattern of SSC examinations / |
||
| 260 |
_aNoida _bMcGraw Hill education _c2018 |
||
| 270 |
_aB-4, Sector-63,Dist. Gautam Budh Nagar _bNoida,(UP) _e201301 |
||
| 300 |
_avii,C236p. _c24cm(pbk) |
||
| 700 | _aSwetali Mohan | ||
| 942 |
_2ddc _cEN _h480 _mHAR |
||
| 999 |
_c146312 _d146312 |
||